| 000 | 00595nam a2200181Ia 4500 | ||
|---|---|---|---|
| 020 | _a9251036098 | ||
| 040 | _cSDB | ||
| 082 | _a627 FAO 1995 C146 Or. | ||
| 100 | 1 | _aSciortino, J. A | |
| 245 | 1 | 0 | _aConstruction and maintenance of artisanal fishing harbours and village landings / |
| 260 |
_aRome : _bFood and Agriculture Organization of the United Nations, _cc1995 |
||
| 300 |
_a137 p. : _bill. ; _c17 x 25 cm |
||
| 490 | 1 | _aFAO training series ; | |
| 650 | 0 | _aFishing ports | |
| 650 | 0 | _aFishing ports | |
| 710 | 2 | _aFood and Agriculture Organization of the United Nations | |
| 942 | _cAEDBB | ||
| 999 |
_c18492 _d18492 |
||